History Quiz

Random History or Clickable Quiz

Art Movement by Painters Quiz Stats

Quiz Updated Jun 23, 2015

Also try: Van Gogh or No?
Challenge
Share
Tweet
Embed
Score 0/11 Timer 04:00
17 Plays Today
% Correct
Renaissance
88.2%
Popart
85.6%
Impressionism
84.8%
Surrealism
83.5%
Cubism
82.6%
Post-Impressionism
65.1%
Romanticism
48.4%
Baroque
46.4%
Neoclassicism
44.3%
Realism
42.3%
Rococo
41.9%

You're not logged in!

Compare scores with friends on all Sporcle quizzes.
Sign Up with Email
OR
Log In

You Might Also Like...

Show Comments

Extras

Top Quizzes Today


Score Distribution

Your Account Isn't Verified!

In order to create a playlist on Sporcle, you need to verify the email address you used during registration. Go to your Sporcle Settings to finish the process.